000 00740nam a22002177a 4500
999 _c16890
_d16890
003 AR-CdUCM
008 190506b ||||| |||| 00| 0 spa d
040 _aMUNICIPALIDAD PROVINCIAL DEL CUSCO
_cBIBLIOTECA MUNICIPAL DEL CUSCO
082 _a940.04 /
_bD84 / 1937
110 _aComisión argentina de cooperación intelectual
_936619
245 _aEuropa américa latina /
260 _aBuenos Aires :
_bGerónimo J,
_c1937.
300 _a244 páginas ;
_c24 cm.
505 _aContenido : Exposiciones preliminares -- Preliminar -- Unidad y diversidad ...
650 _aEuropa
_91221
650 _aAmérica
_91348
650 _aSiglo XX.
_98
700 _aArguedas, Alcides
_91887
942 _2ddc
_cLIBROS
945 _arah
_d06/05/2019